[Event "Mission Possible"]
[Site "SchemingMind.com"]
[Date "2006.11.28"]
[Round "-"]
[White "MARISCAL"]
[Black "chessfreak"]
[Result "1-0"]
[WhiteCountry "ESP"]
[BlackCountry "INT"]
[WhiteElo "2256"]
[WhiteRD "113"]
[BlackElo "2215"]
[BlackRD "87"]
[GameID "79001"]

1. e4 c5 2. c3 Nf6 3. e5 Nd5 4. d4 cxd4 5. Bc4 Qc7 6. Qe2 Nb6 7. Bd3 Nc6 8. Nf3 d5 9. exd6 Qxd6 10. Nxd4 Nxd4
11. cxd4 g6 12. Qe5 Qxe5+ 13. dxe5 Be6 14. Nc3 O-O-O 15. Bc2 Bg7 16. f4 Kb8 17. O-O Rc8 18. Bb3 Nc4 19. Nb5 Rhd8 20. Na3 f6
21. f5 Bg8 22. Nxc4 Bxc4 23. Bxc4 Rxc4 24. e6 b5 25. Bf4+ Kb7 26. g3 Rd5 27. b3 Re4 28. Rad1 Rxf5 29. Rd7+ Kb6 30. Rxe7 Bf8
31. Rxh7 Rxe6 32. Bc7+ Kc6 33. Rxf5 gxf5 34. Bf4 Re2 35. Kf1 Rxa2= 36. Rf7 Bc5 37. Rxf6+ Kd5 38. Rxf5+
1-0

[Event "Mission Possible"]
[Site "SchemingMind.com"]
[Date "2006.11.28"]
[Round "-"]
[White "chessfreak"]
[Black "MARISCAL"]
[Result "1-0"]
[WhiteCountry "INT"]
[BlackCountry "ESP"]
[WhiteElo "2310"]
[WhiteRD "92"]
[BlackElo "2240"]
[BlackRD "104"]
[GameID "79002"]

1. e4 d5 2. exd5 Qxd5 3. Nc3 Qd6 4. d4 Nf6 5. Nf3 c6 6. Ne5 Nbd7 7. Nc4 Qc7 8. Qf3 Nb6 9. Bf4 Qd8 10. Be5 Bg4
11. Qg3 h5 12. a3 h4 13. Qf4 Be6 14. Nxb6 axb6 15. O-O-O Nd5 16. Nxd5 Qxd5 17. Bd3 h3 18. g4 b5 19. Rhe1 f6 20. Bc7 Kf7
21. Be4 Qd7 22. g5 b4 23. g6+ Kg8 24. axb4 Rh6 25. Bd3 Bd5 26. c4 e5 27. dxe5 Qxc7 28. cxd5 cxd5+ 29. Kb1 fxe5 30. Qxe5 Qxe5
31. Rxe5 Bxb4 32. Rxd5 Rh4 33. Bf5 Kf8 34. Rd7
1-0

[Event "Mission Possible"]
[Site "SchemingMind.com"]
[Date "2006.12.03"]
[Round "-"]
[White "colonia"]
[Black "chessfreak"]
[Result "0-1"]
[WhiteCountry "GER"]
[BlackCountry "INT"]
[WhiteElo "1951"]
[WhiteRD "74"]
[BlackElo "2268"]
[BlackRD "99"]
[GameID "79010"]

1. e4 c5 2. Nc3 Nc6 3. g3 g6 4. Bg2 Bg7 5. d3 e6 6. Be3 d6 7. Qd2 Rb8 8. f4 Nge7 9. Nf3 Nd4 10. O-O O-O
11. Rae1 b5
0-1

[Event "Mission Possible"]
[Site "SchemingMind.com"]
[Date "2006.12.03"]
[Round "-"]
[White "chessfreak"]
[Black "colonia"]
[Result "1-0"]
[WhiteCountry "INT"]
[BlackCountry "GER"]
[WhiteElo "2268"]
[WhiteRD "99"]
[BlackElo "1951"]
[BlackRD "74"]
[GameID "79012"]

1. e4 c6 2. d4 d5 3. f3 e6 4. Nc3 Nf6 5. e5 Nfd7 6. f4 c5 7. Nce2 cxd4 8. Nxd4 Nc6 9. Ngf3 Qb6 10. c3 Nc5
11. Qc2
1-0

[Event "Mission Possible"]
[Site "SchemingMind.com"]
[Date "2006.12.03"]
[Round "-"]
[White "MARISCAL"]
[Black "colonia"]
[Result "1-0"]
[WhiteCountry "ESP"]
[BlackCountry "GER"]
[WhiteElo "2192"]
[WhiteRD "111"]
[BlackElo "1951"]
[BlackRD "74"]
[GameID "79013"]

1. e4 c6 2. c4 d5 3. cxd5 cxd5 4. exd5 Qxd5 5. Nc3 Qd8 6. d4 e6 7. Nf3 Nf6 8. Bd3 Be7 9. O-O O-O 10. Qe2 Nc6
11. Rd1
1-0

[Event "Mission Possible"]
[Site "SchemingMind.com"]
[Date "2006.12.04"]
[Round "-"]
[White "demiurg"]
[Black "chessfreak"]
[Result "1-0"]
[WhiteCountry "HUN"]
[BlackCountry "INT"]
[WhiteElo "2297"]
[WhiteRD "65"]
[BlackElo "2215"]
[BlackRD "87"]
[GameID "79919"]

1. e4 c5 2. d4 cxd4 3. c3 Nf6 4. e5 Nd5 5. Nf3 e6 6. cxd4 d6 7. Bc4 Nc6 8. O-O Be7 9. Qe2 O-O 10. Nc3 dxe5
11. dxe5 Nxc3 12. bxc3 Qa5 13. Qe4 Rd8 14. Be3 Bd7 15. Rab1 b6 16. a4 Rac8 17. Bb5 Be8 18. Rfc1 Nb8 19. Ng5 g6 20. h4 Rxc3
21. Rxc3 Qxc3 22. Qb7 Nd7 23. Qxa7 Qxe5 24. Rd1 Qb8 25. Qxb8 Rxb8 26. Bxd7 Rd8 27. Bxe8 Rxd1+ 28. Kh2 h6 29. Ne4 f5 30. Nd2 Bc5
31. Nc4 Bxe3 32. fxe3 Rd8 33. Bxg6 Ra8 34. Nxb6 Ra6 35. Nd7 Rxa4 36. h5 Ra5 37. g4 Ra3 38. e4 f4 39. Kg2 Kg7 40. e5 Rg3+
41. Kf2 Re3 42. Nc5
1-0

[Event "Mission Possible"]
[Site "SchemingMind.com"]
[Date "2006.12.08"]
[Round "-"]
[White "demiurg"]
[Black "colonia"]
[Result "1-0"]
[WhiteCountry "HUN"]
[BlackCountry "GER"]
[WhiteElo "2351"]
[WhiteRD "75"]
[BlackElo "1951"]
[BlackRD "74"]
[GameID "79920"]

1. e4 e5 2. Nf3 Nf6 3. Nxe5 d6 4. Nxf7 Kxf7 5. d4 c5 6. dxc5 Nc6 7. Bc4+ Be6 8. Bxe6+ Kxe6 9. O-O d5 10. Nc3 dxe4
11. Qe2 h6 12. Nxe4 Kf7 13. Be3 Nxe4 14. Qc4+ Kf6 15. Qxe4 Qe8 16. Qf4+ Kg6 17. Rad1 Kh7 18. b4 Qg6 19. b5 Nd8 20. h4
1-0

[Event "Mission Possible"]
[Site "SchemingMind.com"]
[Date "2006.12.03"]
[Round "-"]
[White "demiurg"]
[Black "MARISCAL"]
[Result "1-0"]
[WhiteCountry "HUN"]
[BlackCountry "ESP"]
[WhiteElo "2356"]
[WhiteRD "72"]
[BlackElo "2173"]
[BlackRD "111"]
[GameID "79921"]

1. e4 d5 2. exd5 Qxd5 3. Nc3 Qd6 4. d4 Nf6 5. Nf3 c6 6. Ne5 Nbd7 7. Nc4 Qc7 8. Qf3 Nb6 9. Bf4 Qd8 10. Be5 Bg4
11. Qg3 h5 12. Bd3 h4 13. Qf4 Nxc4 14. Bxc4 Qd7 15. f3 Bf5 16. O-O-O Nd5 17. Bxd5 cxd5 18. Nxd5 Qxd5 19. Qxf5 h3 20. g4 Rh6
21. Qe4 O-O-O 22. Rd3 Rc6 23. Kb1 e6 24. Rhd1 f6 25. Bg3 Bd6 26. Qxd5 exd5 27. Bxd6 Rcxd6 28. Re1 Rf8 29. f4 Rh8 30. f5 Rh4
31. Rg3 Kd7 32. c3 b5 33. Kc2
1-0

[Event "Mission Possible"]
[Site "SchemingMind.com"]
[Date "2006.12.04"]
[Round "-"]
[White "chessfreak"]
[Black "demiurg"]
[Result "0-1"]
[WhiteCountry "INT"]
[BlackCountry "HUN"]
[WhiteElo "2215"]
[WhiteRD "87"]
[BlackElo "2297"]
[BlackRD "65"]
[GameID "79922"]

1. d4 d5 2. c4 c6 3. Nf3 Nf6 4. Nc3 e6 5. Bg5 dxc4 6. e4 b5 7. e5 h6 8. Bh4 g5 9. Nxg5 hxg5 10. Bxg5 Nbd7
11. exf6 Bb7 12. g3 Qc7 13. Bg2 c5 14. O-O Bxg2 15. Kxg2 Qb7+ 16. f3 O-O-O 17. dxc5 Nxc5 18. Qc2 Bh6 19. Bxh6 Rxh6 20. Rad1 Rdh8
21. h4 Rg6 22. Kh3 Rhg8 23. g4 Rxf6 24. Qf2 Nd3 25. Rxd3 cxd3 26. Ne4 Qxe4 27. Qc5+ Kb8 28. fxe4 Rxf1 29. Qd6+ Kc8 30. Qc6+ Kb8
31. Qxb5+ Ka8 32. Qc6+ Kb8 33. Qd6+ Ka8 34. Qc6+ Kb8 35. Qd6+ Ka8 36. g5 Rh1+ 37. Kg3 Rh8 38. Qxd3 R1xh4 39. Qc4 Rh3+ 40. Kf4 Rh2
0-1

[Event "Mission Possible"]
[Site "SchemingMind.com"]
[Date "2006.12.08"]
[Round "-"]
[White "colonia"]
[Black "demiurg"]
[Result "0-1"]
[WhiteCountry "GER"]
[BlackCountry "HUN"]
[WhiteElo "1951"]
[WhiteRD "74"]
[BlackElo "2351"]
[BlackRD "75"]
[GameID "79923"]

1. e4 e5 2. Nc3 Nf6 3. Bc4 Nc6 4. d3 Na5 5. Bb3 Nxb3 6. axb3 Bb4 7. Ne2 c6 8. Bg5 h6 9. Bh4 O-O 10. O-O Be7
11. Bg3 d6 12. f4 Nh5 13. fxe5 Nxg3 14. Nxg3 dxe5 15. Kh1 g6
0-1

[Event "Mission Possible"]
[Site "SchemingMind.com"]
[Date "2006.12.03"]
[Round "-"]
[White "MARISCAL"]
[Black "demiurg"]
[Result "1/2-1/2"]
[WhiteCountry "ESP"]
[BlackCountry "HUN"]
[WhiteElo "2145"]
[WhiteRD "125"]
[BlackElo "2323"]
[BlackRD "83"]
[GameID "79924"]

1. e4 c5 2. c3 Nf6 3. e5 Nd5 4. d4 cxd4 5. Nf3 Nc6 6. Bc4 Nb6 7. Bb3 d5 8. exd6 Qxd6 9. Na3 dxc3 10. Qxd6 exd6
11. Nb5 Rb8 12. bxc3 Be7 13. Bf4 O-O 14. Bxd6 Bxd6 15. Nxd6 Bg4 16. Ng5 Bh5 17. g4 Bxg4 18. Ngxf7 Bh5 19. Nh6+ Kh8 20. Ndf7+ Bxf7
21. Nxf7+ Kg8 22. Nh6+=
1/2-1/2

[Event "Mission Possible"]
[Site "SchemingMind.com"]
[Date "2006.12.09"]
[Round "-"]
[White "aldave"]
[Black "chessfreak"]
[Result "0-1"]
[WhiteCountry "PHI"]
[BlackCountry "INT"]
[WhiteElo "1948"]
[WhiteRD "92"]
[BlackElo "2290"]
[BlackRD "96"]
[GameID "81179"]

1. d4 Nf6 2. c4 c5 3. d5 b5 4. cxb5 a6 5. bxa6 g6 6. Nc3 Bxa6 7. e4 Bxf1 8. Kxf1 d6 9. Nf3 Bg7 10. h3 O-O
11. g3 Nbd7 12. Kg2 Qa5 13. Re1 Rfb8 14. Re2 Rb7 15. g4 c4 16. Bf4 Nc5 17. e5 Nd3 18. Bg3 Nxd5 19. Nxd5 Qxd5 20. exd6 exd6
0-1

[Event "Mission Possible"]
[Site "SchemingMind.com"]
[Date "2006.12.09"]
[Round "-"]
[White "aldave"]
[Black "MARISCAL"]
[Result "0-1"]
[WhiteCountry "PHI"]
[BlackCountry "ESP"]
[WhiteElo "1707"]
[WhiteRD "88"]
[BlackElo "2240"]
[BlackRD "104"]
[GameID "81181"]

1. d4 Nf6 2. c4 e6 3. Nc3 Bb4 4. Qc2 O-O 5. a3 Bxc3+ 6. Qxc3 b6 7. Bg5 Ba6 8. e3 d6 9. Nf3 Nbd7 10. Bd3 c5
11. O-O Rc8 12. b3 cxd4 13. exd4 b5 14. Rac1 bxc4 15. bxc4 Bxc4 16. Bxc4 d5 17. Qd3 Rxc4 18. Rxc4 dxc4 19. Qxc4 Qa5 20. Qd3 Rc8
21. Bd2 Qa4 22. Rc1 Rxc1+ 23. Bxc1 Nd5 24. h3 N7b6 25. Ne5 a5 26. Kh2 f6
0-1

[Event "Mission Possible"]
[Site "SchemingMind.com"]
[Date "2006.12.09"]
[Round "-"]
[White "aldave"]
[Black "demiurg"]
[Result "0-1"]
[WhiteCountry "PHI"]
[BlackCountry "HUN"]
[WhiteElo "1948"]
[WhiteRD "92"]
[BlackElo "2356"]
[BlackRD "72"]
[GameID "81182"]

1. d4 d5 2. c4 c6 3. Nf3 Nf6 4. Nc3 e6 5. e3 Nbd7 6. Bd3 dxc4 7. Bxc4 b5 8. Bd3 Bb7 9. e4 b4 10. Na4 c5
11. dxc5 Qa5 12. b3 Nxe4 13. O-O Nexc5 14. Nxc5 Nxc5 15. Be2 Be7 16. Bb2 Ne4 17. Bxg7 Rg8 18. Bb2 Rd8 19. Qc2 Qb6 20. Rad1 Bc5
21. Bd3 Nxf2 22. Rxf2 Bxf3
0-1

[Event "Mission Possible"]
[Site "SchemingMind.com"]
[Date "2006.12.10"]
[Round "-"]
[White "chessfreak"]
[Black "aldave"]
[Result "1-0"]
[WhiteCountry "INT"]
[BlackCountry "PHI"]
[WhiteElo "2290"]
[WhiteRD "96"]
[BlackElo "1948"]
[BlackRD "92"]
[GameID "81183"]

1. e4 c5 2. Nf3 d6 3. d4 cxd4 4. Nxd4 Nf6 5. Nc3 a6 6. Be3 e6 7. Bc4 b5 8. Bb3 Bb7 9. O-O Nxe4 10. Nxe4 Bxe4
11. Qg4 d5 12. f3 Bg6 13. Nxe6 fxe6 14. Qxe6+ Be7 15. Bxd5 Nd7 16. Rfe1 Rc8 17. Bg5 Qb6+ 18. Qxb6
1-0

[Event "Mission Possible"]
[Site "SchemingMind.com"]
[Date "2006.12.10"]
[Round "-"]
[White "MARISCAL"]
[Black "aldave"]
[Result "1-0"]
[WhiteCountry "ESP"]
[BlackCountry "PHI"]
[WhiteElo "2259"]
[WhiteRD "104"]
[BlackElo "1830"]
[BlackRD "89"]
[GameID "81185"]

1. e4 c5 2. c3 Nf6 3. e5 Nd5 4. d4 cxd4 5. Nf3 Nc6 6. Bc4 Nb6 7. Bb3 e6 8. O-O d6 9. exd6 Qxd6 10. cxd4 Be7
11. Nc3 O-O 12. Ne4 Qd8 13. Re1 Nd5 14. a3 b6 15. Qd3 Bb7 16. Bc2 g6 17. Bh6 Re8 18. Bb3 Rc8 19. Ne5 Nf6 20. Nxf7 Kxf7
21. Ng5+
1-0

[Event "Mission Possible"]
[Site "SchemingMind.com"]
[Date "2006.12.09"]
[Round "-"]
[White "demiurg"]
[Black "aldave"]
[Result "1-0"]
[WhiteCountry "HUN"]
[BlackCountry "PHI"]
[WhiteElo "2356"]
[WhiteRD "72"]
[BlackElo "1948"]
[BlackRD "92"]
[GameID "81186"]

1. e4 c5 2. d4 cxd4 3. c3 Nf6 4. e5 Nd5 5. Nf3 Nc6 6. Bc4 Nb6 7. Bb3 e6 8. cxd4 d6 9. Bg5 Be7 10. Bxe7 Qxe7
11. O-O O-O 12. Nc3 Bd7 13. exd6 Qxd6 14. Ne4 Qe7 15. Re1 Rfd8 16. Nc5 Rab8 17. Qd2 Be8 18. Nxe6 fxe6 19. Rxe6 Qxe6 20. Bxe6+ Kh8
21. d5 Nxd5 22. Bxd5 Ne7 23. Qf4 Nxd5 24. Qf8#
1-0

[Event "Mission Possible"]
[Site "SchemingMind.com"]
[Date "2006.12.14"]
[Round "-"]
[White "Aumonde"]
[Black "chessfreak"]
[Result "0-1"]
[WhiteCountry "USA"]
[BlackCountry "INT"]
[WhiteElo "2258"]
[WhiteRD "56"]
[BlackElo "2307"]
[BlackRD "95"]
[GameID "81344"]

1. e4 c6 2. Nf3 d5 3. Nc3 dxe4 4. Nxe4 Nf6 5. Qe2 Bg4 6. Nxf6+ gxf6 7. d4 Nd7 8. Bd2 Nb6 9. O-O-O Qd7 10. h3 Be6
11. g3 a5 12. Kb1 Qd5 13. b3 a4 14. c4 Bf5+ 15. Kb2 Qd8 16. b4 a3+ 17. Ka1 Be6 18. Rc1 Bg7 19. Bf4 Na4 20. Qe3 O-O
21. Rg1 Nb2 22. g4 Qb6 23. Qc3 Ra4 24. Bd2 Kh8 25. h4 Rd8 26. h5 h6 27. Qe3 Rd7 28. Rg3 Qd8 29. Qc3 Rc7 30. Bf4 Rc8
31. Be2 b5 32. Qe3 Qf8 33. cxb5 cxb5 34. Rc5 Rxc5 35. bxc5 Nc4 36. Qc3 Bd5 37. Bd1 e5 38. Be3 b4 39. Qe1 Ra8 40. Qxb4 exd4
41. Nxd4 Rb8 42. Qc3 Nxe3 43. Rxe3 f5 44. gxf5 Qd8
0-1

[Event "Mission Possible"]
[Site "SchemingMind.com"]
[Date "2006.12.15"]
[Round "-"]
[White "Aumonde"]
[Black "colonia"]
[Result "1-0"]
[WhiteCountry "USA"]
[BlackCountry "GER"]
[WhiteElo "2254"]
[WhiteRD "55"]
[BlackElo "1951"]
[BlackRD "74"]
[GameID "81345"]

1. d4 Nf6 2. c4 c5 3. d5 b5 4. Nf3 d6 5. cxb5 a6 6. bxa6 Bxa6 7. Nc3 g6 8. e4 Bxf1 9. Kxf1 Bg7 10. g3 O-O
11. Kg2 Nbd7 12. Re1 Ng4 13. Re2 Qa5 14. Bg5 Rfe8 15. Rc1 h6 16. Bd2 Qa6 17. b3 Reb8 18. Na4
1-0

[Event "Mission Possible"]
[Site "SchemingMind.com"]
[Date "2006.12.13"]
[Round "-"]
[White "Aumonde"]
[Black "MARISCAL"]
[Result "0-1"]
[WhiteCountry "USA"]
[BlackCountry "ESP"]
[WhiteElo "2258"]
[WhiteRD "56"]
[BlackElo "2259"]
[BlackRD "104"]
[GameID "81346"]

1. c4 e5 2. Nc3 Nf6 3. Nf3 Nc6 4. d4 e4 5. Nd2 Bb4 6. a3 Bxc3 7. bxc3 O-O 8. e3 d5 9. Bb2 Re8 10. h3 Ne7
11. cxd5 Qxd5 12. c4 Qg5 13. g3 Nf5 14. Qb3 Bd7 15. O-O-O b5 16. Qb4 Reb8 17. Qc5 bxc4 18. Bxc4 Qg6 19. Bb3 Rb5 20. Qc2 Rab8
21. Bc3 Nd6 22. Ba4 R5b7 23. Bxd7 Nxd7 24. Bb4 a5 25. Bxa5 c5 26. Nc4 Nxc4 27. Qxc4 Qf6 28. Rhf1 cxd4
0-1

[Event "Mission Possible"]
[Site "SchemingMind.com"]
[Date "2006.12.13"]
[Round "-"]
[White "Aumonde"]
[Black "demiurg"]
[Result "1/2-1/2"]
[WhiteCountry "USA"]
[BlackCountry "HUN"]
[WhiteElo "2254"]
[WhiteRD "55"]
[BlackElo "2351"]
[BlackRD "75"]
[GameID "81347"]

1. e4 c5 2. Bc4 e6 3. Nf3 Nc6 4. O-O Nf6 5. d3 d5 6. Bb5 Qb6 7. Nc3 Be7 8. exd5 Nxd5 9. Ne5 Nxc3 10. Bxc6+ Qxc6
11. Nxc6 Nxd1 12. Nxe7 Kxe7 13. Rxd1 Bd7= 14. b3 Rac8 15. Ba3 Kf6 16. c4 e5 17. f4 exf4 18. d4 Bg4 19. Rf1 g5 20. Bxc5 b6
21. Bb4 Rhe8 22. Rae1 Be2 23. Rf2 Bd3 24. Rxe8 Rxe8 25. h4 h6 26. d5 Kf5 27. Bc3 f6 28. d6 Rd8 29. Bb4 a5 30. Ba3 Ke6
31. hxg5 hxg5 32. c5 bxc5 33. Bxc5 Rc8 34. Bb6 Rc1+ 35. Kh2 Be4 36. Bxa5 Kxd6 37. Bd2 Rc8 38. a4 Bc2 39. Rf3 Rb8 40. a5 Bxb3
41. Bc3 Bd5 42. Rf2=
1/2-1/2

[Event "Mission Possible"]
[Site "SchemingMind.com"]
[Date "2006.12.14"]
[Round "-"]
[White "Aumonde"]
[Black "aldave"]
[Result "1-0"]
[WhiteCountry "USA"]
[BlackCountry "PHI"]
[WhiteElo "2254"]
[WhiteRD "55"]
[BlackElo "2067"]
[BlackRD "102"]
[GameID "81348"]

1. f4 d5 2. e3 Nf6 3. b3 Bg4 4. Nf3 Nbd7 5. Bb2 c6 6. h3 Bxf3 7. Qxf3 Qc7 8. Nc3 e5 9. O-O-O Bd6 10. g4 O-O-O
11. g5 Ng8 12. fxe5 Nxe5 13. Qf2 f6 14. e4 d4 15. Qxd4 fxg5 16. Qxa7 Nf6 17. d4 Ned7 18. e5
1-0

[Event "Mission Possible"]
[Site "SchemingMind.com"]
[Date "2006.12.13"]
[Round "-"]
[White "chessfreak"]
[Black "Aumonde"]
[Result "1/2-1/2"]
[WhiteCountry "INT"]
[BlackCountry "USA"]
[WhiteElo "2299"]
[WhiteRD "94"]
[BlackElo "2262"]
[BlackRD "56"]
[GameID "81349"]

1. e4 d6 2. Nc3 g6 3. d4 Nf6 4. Be3 c6 5. Qd2 b5 6. Bd3 Nbd7 7. Nf3 e5 8. O-O Bb7 9. h3 exd4 10. Bxd4 Bg7
11. Rfe1 O-O 12. a3 a6 13. Rad1 Re8 14. Be3 c5 15. Be2 b4 16. axb4 cxb4 17. Na2 b3 18. Nc3 bxc2 19. Qxc2 Nxe4 20. Nxe4 Bxe4
21. Qd2 Bf8 22. Ng5 Bf5 23. Bf3 Ne5 24. Bxa8 Qxa8 25. Bf4 h6 26. Bxe5 dxe5 27. g4 Bxg4 28. hxg4 hxg5 29. Qxg5 Qb8 30. Rd5 Qxb2
31. Rdxe5 Rc8 32. Qf4 a5 33. Re8 Rxe8 34. Rxe8 Qb1+ 35. Kg2 Qb5 36. Qe4 Qc5 37. Rb8 Qd6 38. Rc8 Kg7 39. Rc4 Qb8 40. Rc6 Qd8
41. Ra6 Bb4 42. Ra7 Qf6 43. Rc7 Qd6 44. Qc4 Qf6 45. Rd7 Kg8 46. Qd5 Qf4 47. Qd4 Qxd4 48. Rxd4 Kg7 49. g5 Kf8 50. f4 Ke7
51. Kf3 Bd6=
1/2-1/2

[Event "Mission Possible"]
[Site "SchemingMind.com"]
[Date "2006.12.15"]
[Round "-"]
[White "colonia"]
[Black "Aumonde"]
[Result "0-1"]
[WhiteCountry "GER"]
[BlackCountry "USA"]
[WhiteElo "1951"]
[WhiteRD "74"]
[BlackElo "2254"]
[BlackRD "55"]
[GameID "81350"]

1. e4 d6 2. d4 g6 3. f4 Bg7 4. Nf3 c5 5. c3 cxd4 6. cxd4 Bg4 7. Nc3 Bxf3 8. gxf3 e6 9. Be3 Nc6 10. d5 exd5
11. Qxd5 Qh4+ 12. Kd2 Nge7 13. Qg5 Qxg5 14. fxg5 h6
0-1

[Event "Mission Possible"]
[Site "SchemingMind.com"]
[Date "2006.12.13"]
[Round "-"]
[White "MARISCAL"]
[Black "Aumonde"]
[Result "1-0"]
[WhiteCountry "ESP"]
[BlackCountry "USA"]
[WhiteElo "2259"]
[WhiteRD "104"]
[BlackElo "2258"]
[BlackRD "56"]
[GameID "81351"]

1. e4 c6 2. c4 d5 3. cxd5 cxd5 4. exd5 Nf6 5. Bb5+ Bd7 6. Bc4 Qc7 7. d3 b5 8. Bb3 e5 9. dxe6 Bxe6 10. Bxe6 fxe6
11. Nf3 Nc6 12. O-O Qd7 13. Nc3 Bc5 14. Nxb5 Rb8 15. a4 Nd5 16. d4 Bb6 17. Qd3 O-O 18. Be3 Rf5 19. Rac1 Ncb4 20. Qe4 Nf6
21. Qh4 Nd3 22. Ne5 Nxe5 23. dxe5 Bxe3 24. fxe3 Rxf1+ 25. Rxf1 Nd5 26. Qd4 a6 27. Nd6 Rb4 28. Qc5 Rxb2 29. h3
1-0

[Event "Mission Possible"]
[Site "SchemingMind.com"]
[Date "2006.12.13"]
[Round "-"]
[White "demiurg"]
[Black "Aumonde"]
[Result "1-0"]
[WhiteCountry "HUN"]
[BlackCountry "USA"]
[WhiteElo "2351"]
[WhiteRD "75"]
[BlackElo "2254"]
[BlackRD "55"]
[GameID "81352"]

1. e4 e5 2. Nf3 d6 3. d4 Nd7 4. Bc4 Be7 5. dxe5 Nb6 6. Bb3 Be6 7. O-O dxe5 8. Bxe6 fxe6 9. Qe2 Nf6 10. Rd1 Bd6
11. Nxe5 Qe7 12. Nf3 e5 13. Nc3 O-O 14. Bg5 c6 15. Rd3 Bc5 16. Rad1 h6 17. Be3 Nh5 18. Bxc5 Qxc5 19. g3 Nf6 20. b3 g6
21. Kg2 Kg7 22. Qe3 Qe7 23. h3 Nbd7 24. g4 Rh8 25. a4 a5 26. Rd6 Rhe8 27. Ne2 Red8 28. Ng3 Kh7 29. Qd2 Ra7 30. g5 Nd5
31. Nf5 gxf5 32. Rxh6+ Kg8 33. exd5 Re8 34. Re6 Qf7 35. g6 Qf8 36. g7 Qxg7+ 37. Kh2 Re7 38. Rg1
1-0

[Event "Mission Possible"]
[Site "SchemingMind.com"]
[Date "2006.12.13"]
[Round "-"]
[White "aldave"]
[Black "Aumonde"]
[Result "0-1"]
[WhiteCountry "PHI"]
[BlackCountry "USA"]
[WhiteElo "2067"]
[WhiteRD "102"]
[BlackElo "2254"]
[BlackRD "55"]
[GameID "81353"]

1. d4 e6 2. c4 f5 3. g3 Nf6 4. Bg2 d5 5. b3 dxc4 6. bxc4 Bb4+ 7. Kf1 c5 8. Bb2 O-O 9. e3 e5 10. d5 Nbd7
11. Nf3 e4 12. Nfd2 Ng4 13. Ke2 Nde5 14. Bxe5 Nxe5 15. Nb3 f4 16. Bxe4 fxg3 17. hxg3 Bg4+ 18. f3 Rxf3 19. Bxh7+ Kf8 20. Qc2 Rf4#
0-1

[Event "Mission Possible"]
[Site "SchemingMind.com"]
[Date "2006.12.13"]
[Round "-"]
[White "MichaelDV"]
[Black "Aumonde"]
[Result "1-0"]
[WhiteCountry "SWE"]
[BlackCountry "USA"]
[WhiteElo "2279"]
[WhiteRD "73"]
[BlackElo "2254"]
[BlackRD "55"]
[GameID "81587"]

1. Nf3 d5 2. d4 Nf6 3. c4 dxc4 4. e3 e6 5. Bxc4 c5 6. O-O a6 7. a4 Nc6 8. Qe2 b5 9. axb5 Na5 10. bxa6 Nxc4
11. Qxc4 Qb6 12. Qa4+ Bd7 13. Qa5 Qxa5 14. Rxa5 cxd4 15. Nxd4 Bb4 16. Ra1 e5 17. Nc2 Be7 18. Nc3 Be6 19. f4 Nd7 20. fxe5 Nxe5
21. Rd1 Bb3 22. Rd2 O-O 23. Nd4 Bc4 24. a7 Bc5 25. b3 Bd3 26. Rda2 Rfd8 27. Ra5 Bxd4 28. exd4 Nc6 29. R5a3 Nxd4 30. R1a2 Nc2
31. Ra4 Rd7 32. Bf4 f6 33. b4 g5 34. Bb8 Nd4 35. Rd2 Nc6 36. Ne4 Rd4 37. Nc5 Bb5 38. Rxd4 Nxd4 39. Ra5 Bc6 40. Na6 Nb5
41. Nc7 Nxc7 42. Bxc7 Kf7 43. Bb8 Be4 44. Kf2 Ke6 45. g3 h5 46. Ke3 Bh1 47. Kd4 Bb7 48. Rc5 f5 49. Rc7 Bf3 50. b5 h4
51. gxh4 gxh4 52. b6 f4 53. b7 Bxb7 54. Rxb7 f3 55. Ke3
1-0

[Event "Mission Possible"]
[Site "SchemingMind.com"]
[Date "2006.12.11"]
[Round "-"]
[White "MichaelDV"]
[Black "chessfreak"]
[Result "1-0"]
[WhiteCountry "SWE"]
[BlackCountry "INT"]
[WhiteElo "2392"]
[WhiteRD "71"]
[BlackElo "2215"]
[BlackRD "87"]
[GameID "81588"]

1. d4 Nf6 2. c4 g6 3. Nc3 Bg7 4. e4 d6 5. Nf3 O-O 6. Be2 e5 7. O-O Na6 8. Be3 Ng4 9. Bg5 Qe8 10. dxe5 dxe5
11. h3 h6 12. Bd2 Nf6 13. Be3 Qe7 14. a3 c6 15. b4 Nh5 16. Re1 Qf6 17. Ra2 Nf4 18. Bf1 Rd8 19. Rd2 Rxd2 20. Qxd2 Be6
21. b5 Rd8 22. Qc1 Nb8 23. Rd1 Re8 24. Ne1 Nd7 25. bxc6 bxc6 26. Nd5 cxd5 27. cxd5 Bxh3 28. gxh3 Qg5+ 29. Kh2 Nf6 30. f3 Qh4
31. Nd3 g5 32. Bxa7 N6h5 33. Nxf4 Qg3+ 34. Kh1 Nxf4 35. Qe3 Nxh3 36. d6 Rd8 37. Bb6 Rd7 38. Rd2 Bf8 39. Rg2 Qf4 40. Qxf4 Nxf4
41. Rd2 Rxd6 42. Rxd6 Bxd6 43. a4
1-0

[Event "Mission Possible"]
[Site "SchemingMind.com"]
[Date "2006.12.11"]
[Round "-"]
[White "MichaelDV"]
[Black "MARISCAL"]
[Result "1/2-1/2"]
[WhiteCountry "SWE"]
[BlackCountry "ESP"]
[WhiteElo "2204"]
[WhiteRD "78"]
[BlackElo "2145"]
[BlackRD "125"]
[GameID "81590"]

1. e4 d5 2. exd5 Qxd5 3. Nc3 Qd8 4. d4 Nf6 5. Bc4 a6 6. a4 Nc6 7. d5 Nb4 8. Nf3 c6 9. dxc6 Qxd1+ 10. Kxd1 Nxc6
11. Be3 Bg4 12. Ke2 e6 13. Rhd1 Ne5 14. Bb3 Bh5 15. h3=
1/2-1/2

[Event "Mission Possible"]
[Site "SchemingMind.com"]
[Date "2006.12.12"]
[Round "-"]
[White "MichaelDV"]
[Black "demiurg"]
[Result "1/2-1/2"]
[WhiteCountry "SWE"]
[BlackCountry "HUN"]
[WhiteElo "2131"]
[WhiteRD "94"]
[BlackElo "2302"]
[BlackRD "82"]
[GameID "81591"]

1. Nf3 d5 2. d4 c6 3. c4 Nf6 4. e3 Bf5 5. Nc3 e6 6. Nh4 Be4 7. f3 Bg6 8. Qb3 Qb6 9. Nxg6 hxg6 10. Bd2 Nbd7
11. g3 dxc4 12. Bxc4 O-O-O 13. Rc1 Kb8 14. Kf2 Be7 15. Ne2 g5 16. Qxb6 Nxb6 17. Bb3 c5 18. Kg2 cxd4 19. exd4 Nfd5 20. a3 Bf6
21. h3=
1/2-1/2

[Event "Mission Possible"]
[Site "SchemingMind.com"]
[Date "2006.12.12"]
[Round "-"]
[White "MichaelDV"]
[Black "aldave"]
[Result "1-0"]
[WhiteCountry "SWE"]
[BlackCountry "PHI"]
[WhiteElo "2301"]
[WhiteRD "75"]
[BlackElo "1948"]
[BlackRD "92"]
[GameID "81592"]

1. Nf3 d5 2. d4 Nf6 3. c4 c6 4. Nc3 e6 5. Bg5 h6 6. Bh4 dxc4 7. e4 g5 8. Bg3 b5 9. Be2 Bb7 10. h4 g4
11. Ne5 h5 12. O-O Bb4 13. f3 Nbd7 14. fxg4 hxg4 15. Nxf7 Kxf7 16. e5 Bxc3 17. bxc3 Rh6 18. Bxg4 Qe7 19. exf6 Rxf6 20. a4 Rg8
21. Bh5+ Kf8 22. Bf4 Qg7 23. Bd6+
1-0